Statistics for Wwe Ledgends/ Hall of famers

Click here to take the quiz!

General Stats

  • This quiz has been taken 917 times
  • The average score is 4 of 7

Answer Stats

HintAnswer% Correct
The Rated R Super StarEdge
94%
HitmanBret Hart
93%
The American DreamDusty Rhodes
80%
The 8th wonder of the worldAndre the Giant
74%
The SuperstarBilly Graham
38%
The madman from sudanAbdullah the butcher
23%
The Big OBob Orton
11%

Score Distribution

Percentile by Number Answered

Percent of People with Each Score

Your Score History

You have not taken this quiz